000 00507nam a22001932 4500
001 0000005732
005 20170406120940.0
008 150312s xx 000 0 eng d
020 _c$
040 _aYour Holding Symbol
_cYour Holding Symbol
100 1 _aJennings Karen.
245 1 0 _aFinding soutbek.
250 _a ed.
260 _aLondon :
_bHolland park press,
_c2012.
300 _a173 p. ;
_c cm.
504 _abibliography.
650 0 _aliterature.
908 _a150312
999 _c5507
_d5507